000 00540nam a2200229Ia 4500
003 OSt
005 20221005124042.0
006 a|||||r|||| 00| 0
007 ta
008 221004b |||||||| |||| 00| 0 eng d
024 _a65017
037 _cTextual
040 _aCRL
_cCRL
_beng
041 _2eng
_aeng
082 _aXz7, J5
100 _aRobinson Joan
245 0 _aMarx, Marshall and Keyness
260 _c1955
650 _aECONOMICS
942 _hXz7, J5
_cTEXL
_2cc
999 _c1049317
_d1049317